| 000 | 00623nam a2200205 a 4500 | ||
|---|---|---|---|
| 001 | 000042782 | ||
| 005 | 20201002040407.0 | ||
| 008 | 140210s1976 sp a 000 0 spa d | ||
| 020 | _a847175102X | ||
| 040 |
_aDO-SdBNP _bspa _cBNPHU |
||
| 082 |
_axxx _bS235C |
||
| 100 | 1 |
_aCobreros, Jaime _970124 |
|
| 245 | 1 | 3 |
_aEl Camino Iniciático de Santiago / _cJuan Pedro Morín Bentejac y Jaime Cobreros. |
| 260 |
_aBarcelona : _bEdiciones 29, _c1976. |
||
| 300 |
_a345 p. : _bil. ; _c20 cm. |
||
| 490 | _aMás allá | ||
| 504 | _aBibliografía : p. 343-345 | ||
| 700 | 1 | 2 |
_aMorín, Juan Pedro _970125 |
| 830 | 0 |
_aMás allá _970126 |
|
| 999 |
_c42271 _d42271 |
||